000 01766nam a22004337a 4500
003 CHAP
005 20220329143251.0
008 071113s2007 mx r 00010 spa d
010 _a94187
011 _a95159
035 _a105770
040 _cCHAP
090 _aTesis
100 1 _aEspinoza Barreto, Catalina
_938029
245 1 0 _aAnálisis estratégico de las actividades agrícolas y organizativas de cuatro grupos productivos en el municipio de Peto, Yucatán
_c/por Catalina Espinoza Barreto e Iván Genaro Gaona Domínguez
260 _aChapingo, Méx. :
_bEl autor,
_c2007
300 _a94 h. :
_bilus. ; gráfs. ; cuadros. ; mapa
502 _aTesis (Ing. Agr. Esp. en Fitotecnia) -- UACH. Departamento de Fitotecnia
530 _aTambién disponible en línea
590 _aALEPH
_b10
_c20130110
_lUCH01
_h1520
590 _aBATCH-UPD
_b10
_c20130110
_lUCH01
_h0625
590 _aBATCH-UPD
_b10
_c20130410
_lUCH01
_h0308
590 _aBATCH-UPD
_b10
_c20130914
_lUCH01
_h1321
590 _aBATCH-UPD
_b10
_c20140324
_lUCH01
_h1505
590 _aBATCH-UPD
_b10
_c20141002
_lUCH01
_h0835
590 _aCONVERSION
_b10
_c20130109
_lUCH01
_h1352
650 1 4 _aGrupos sociales.
_950918
650 1 4 _aOrganización de productores.
_983544
650 1 4 _aOrganizaciones civiles.
_983531
650 1 4 _aProductividad del trabajo.
_991869
650 1 4 _aTrabajo y trabajadores
_zYucatán.
_9114559
700 1 _aGaona Domínguez, Iván Genaro.
_945570
856 _3Finding aid
_uhttp://10.13.5.2/tesis/105770.pdf
_zTeclea aqui
901 _aBK
905 _aMayto Villalobos Santana
942 _cFOLL
949 _aTesis
_bBC
_cTES
_d33724002042066
_eTS1
_gDonaciØn
_h47312
_i105770
_sb
949 _aTesis
_bBC
_cTES
_d33724002042108
_eTS2
_fc.2
_gDonaciØn
_h47313
_i105770
_sb
999 _c94187
_d94187